| 000 | 00361nam a2200133Ia 4500 | ||
|---|---|---|---|
| 008 | 151213s9999 xx 000 0 und d | ||
| 100 | _aJ.R. Watson | ||
| 245 |
_athe Poetry of Gerard: Manly Hopkins : a Critical Study. _cJ.R. Watson |
||
| 260 |
_aLondon _bPenguin Books _c1985 |
||
| 300 | _a1902 p. | ||
| 650 | _aEnglish | ||
| 700 | _aJ.R. Watson | ||
| 999 |
_c1407 _d1407 |
||